First Countries To Get A McDonald’s - Statistics

General Stats
  • This quiz has been taken 27 times
  • The average score is 7 of 10
Answer Stats
Year Country % Correct
1955 United States
100%
1967 Canada
96%
1972 France
89%
1971 Germany
85%
1971 Japan
81%
1971 Netherlands
81%
1971 Australia
70%
1971 Panama
33%
1970 Costa Rica
22%
1972 El Salvador
15%
No matching quizzes found
Score Distribution
Percent of People with Each Score
Percentile by Number Answered
Your Score History
You have not taken this quiz